African theatre and politics : (Record no. 125742)
[ view plain ]
| 000 -LEADER | |
|---|---|
| fixed length control field | 00963cam a2200301 a 4500 |
| 001 - CONTROL NUMBER | |
| control field | 1860726 |
| 003 - CONTROL NUMBER IDENTIFIER | |
| control field | ARRUPE |
| 005 - DATE AND TIME OF LATEST TRANSACTION | |
| control field | 20161116092832.0 |
| 008 - FIXED-LENGTH DATA ELEMENTS--GENERAL INFORMATION | |
| fixed length control field | 961024s1996 ne ab b 001 0 eng d |
| 020 ## - INTERNATIONAL STANDARD BOOK NUMBER | |
| International Standard Book Number | 9042000422 (bound) |
| 020 ## - INTERNATIONAL STANDARD BOOK NUMBER | |
| International Standard Book Number | 9042000384 (paper) |
| 035 ## - SYSTEM CONTROL NUMBER | |
| System control number | (OCoLC)35836551 |
| 035 ## - SYSTEM CONTROL NUMBER | |
| System control number | (OCoLC)ocm35836551 |
| 035 ## - SYSTEM CONTROL NUMBER | |
| System control number | (NNC)1860726 |
| 040 ## - CATALOGING SOURCE | |
| Original cataloging agency | CUY |
| Transcribing agency | CUY |
| 043 ## - GEOGRAPHIC AREA CODE | |
| Geographic area code | f------ |
| 050 #4 - LIBRARY OF CONGRESS CALL NUMBER | |
| Classification number | PN2969 |
| Item number | .P53 1996 |
| 300 ## - PHYSICAL DESCRIPTION | |
| Other physical details | ill., maps ; |
| Dimensions | 23 cm. |
| 100 1# - MAIN ENTRY--PERSONAL NAME | |
| Personal name | Plastow, Jane. |
| 9 (RLIN) | 27387 |
| 245 10 - TITLE STATEMENT | |
| Title | African theatre and politics : |
| Remainder of title | the evolution of theatre in Ethiopia, Tanzania and Zimbabwe : a comparative study / |
| Statement of responsibility, etc | Jane Plastow. |
| 260 ## - PUBLICATION, DISTRIBUTION, ETC. (IMPRINT) | |
| Place of publication, distribution, etc | Amsterdam ; |
| -- | Atlanta, GA : |
| Name of publisher, distributor, etc | Rodopi, |
| Date of publication, distribution, etc | 1996. |
| 300 ## - PHYSICAL DESCRIPTION | |
| Extent | 286 p. : |
| 490 1# - SERIES STATEMENT | |
| Series statement | Cross/cultures ; |
| Volume number/sequential designation | 24 |
| 504 ## - BIBLIOGRAPHY, ETC. NOTE | |
| Bibliography, etc | Includes bibliographical references and index. |
| 650 #0 - SUBJECT ADDED ENTRY--TOPICAL TERM | |
| Topical term or geographic name as entry element | Playwrights and politics |
| 9 (RLIN) | 27487 |
| 830 #0 - SERIES ADDED ENTRY--UNIFORM TITLE | |
| Uniform title | Cross/cultures ; |
| Volume number/sequential designation | 24. |
| 9 (RLIN) | 27488 |
| 942 ## - ADDED ENTRY ELEMENTS (KOHA) | |
| Source of classification or shelving scheme | Library of Congress Classification |
| Koha item type | Monograph ( Printed materials) |
| Withdrawn status | Lost status | Source of classification or shelving scheme | Damaged status | Not for loan | Collection code | Home library | Current library | Shelving location | Date acquired | Total Checkouts | Full call number | Barcode | Date last seen | Price effective from | Koha item type |
|---|---|---|---|---|---|---|---|---|---|---|---|---|---|---|---|
| Library of Congress Classification | Main Collection | ARRUPE LIBRARY | ARRUPE LIBRARY | Main Collection | 16/11/2016 | PN8010.5.A35 1996 | 46500009890 | 29/03/2019 | 16/11/2016 | Monograph ( Printed materials) |